000 00647nam a22002177a 4500
999 _c5531
_d5531
003 AR-CdUCM
008 190312b ||||| |||| 00| 0 spa d
040 _aMUNICIPALIDAD PROVINCIAL DEL CUSCO
_cBIBLIOTECA MUNICIPAL DEL CUSCO
082 _a869.56 /
_bY11
100 _aYábar Zevallos, Américo
_916577
245 _aDe pie sobre el crepúsculo /
260 _aLima :
_bEdit. Don Jaque,
_c1972.
300 _a62 paginas :
_c21 cm.
500 _aDonación familia Nieto
505 _aContenido :Poesías /
650 _aLiteratura peruana
_9169
650 _aPoesías
_92272
650 _aSiglo XX
_98
942 _2ddc
_cLIBROS
945 _arjall